<?xml version="1.0" encoding="UTF-8"?>
<record
    xmlns:xsi="http://www.w3.org/2001/XMLSchema-instance"
    xsi:schemaLocation="http://www.loc.gov/MARC21/slim http://www.loc.gov/standards/marcxml/schema/MARC21slim.xsd"
    xmlns="http://www.loc.gov/MARC21/slim">

  <leader>00639nam a22001697a 4500</leader>
  <controlfield tag="003">UA-OsUOA</controlfield>
  <controlfield tag="001"> 13994 </controlfield>
  <controlfield tag="007">ta</controlfield>
  <controlfield tag="008">20030708b un ||||| |||| 00| 0 ukr d</controlfield>
  <datafield tag="942" ind1=" " ind2=" ">
    <subfield code="c">SA</subfield>
  </datafield>
  <datafield tag="040" ind1=" " ind2=" ">
    <subfield code="a">UA-OsUOA</subfield>
    <subfield code="c">UA-OsUOA</subfield>
    <subfield code="d">UA-OsUOA</subfield>
  </datafield>
  <datafield tag="245" ind1=" " ind2=" ">
    <subfield code="a">&#x429;&#x43E;&#x431; &#x448;&#x438;&#x440;&#x43E;&#x43A;&#x456; &#x43F;&#x43E;&#x432;&#x43D;&#x43E;&#x432;&#x430;&#x436;&#x435;&#x43D;&#x43D;&#x44F; &#x432;&#x442;&#x456;&#x43B;&#x438;&#x43B;&#x438;&#x441;&#x44C; &#x432; &#x440;&#x435;&#x430;&#x43B;&#x44C;&#x43D;&#x456; &#x441;&#x43F;&#x440;&#x430;&#x432;&#x438;: [VII &#x437;&#x430;&#x441;&#x456;&#x434;&#x430;&#x43D;&#x43D;&#x44F; &#x440;&#x430;&#x434;&#x438; &#x43F;&#x440;&#x43E;&#x444;&#x441;&#x43F;&#x456;&#x43B;&#x43A;. &#x43E;&#x440;&#x433;. &#x43F;&#x440;&#x430;&#x446;&#x456;&#x432;&#x43D;&#x438;&#x43A;&#x456;&#x432; &#x430;&#x433;&#x440;&#x43E;&#x43F;&#x440;&#x43E;&#x43C;. &#x43A;&#x43E;&#x43C;&#x43F;&#x43B;&#x435;&#x43A;&#x441;&#x443;]</subfield>
  </datafield>
  <datafield tag="300" ind1=" " ind2=" ">
    <subfield code="a">&#x421;.2</subfield>
  </datafield>
  <datafield tag="955" ind1=" " ind2=" ">
    <subfield code="a">0</subfield>
  </datafield>
  <datafield tag="773" ind1="0" ind2=" ">
    <subfield code="w">0</subfield>
    <subfield code="t">&#x417;&#x430; &#x432;&#x456;&#x434;&#x440;&#x43E;&#x434;&#x436;&#x435;&#x43D;&#x43D;&#x44F;</subfield>
    <subfield code="d">&#x420;&#x456;&#x432;&#x43D;&#x435;</subfield>
    <subfield code="d">2003</subfield>
    <subfield code="g">&#x2116;23/ 6 &#x447;&#x435;&#x440;&#x432;./</subfield>
  </datafield>
  <datafield tag="650" ind1=" " ind2="7">
    <subfield code="a">&#x41A;&#x440;&#x430;&#x454;&#x437;&#x43D;&#x430;&#x432;&#x447;&#x430; &#x440;&#x43E;&#x431;&#x43E;&#x442;&#x430;</subfield>
    <subfield code="2">UDC</subfield>
  </datafield>
  <datafield tag="999" ind1=" " ind2=" ">
    <subfield code="c">300155</subfield>
    <subfield code="d">300155</subfield>
  </datafield>
</record>
